<?xml version="1.0" encoding="UTF-8"?>
<record
    xmlns:xsi="http://www.w3.org/2001/XMLSchema-instance"
    xsi:schemaLocation="http://www.loc.gov/MARC21/slim http://www.loc.gov/standards/marcxml/schema/MARC21slim.xsd"
    xmlns="http://www.loc.gov/MARC21/slim">

  <leader>01497cam a2200337 a 4500</leader>
  <controlfield tag="001">12180606</controlfield>
  <controlfield tag="003">OSt</controlfield>
  <controlfield tag="005">20230929130902.0</controlfield>
  <controlfield tag="008">000921m20012004maua     b    001 0 eng  </controlfield>
  <datafield tag="010" ind1=" " ind2=" ">
    <subfield code="a">   00048541 </subfield>
  </datafield>
  <datafield tag="020" ind1=" " ind2=" ">
    <subfield code="a">1568811306 (v. 1 : alk. paper)</subfield>
  </datafield>
  <datafield tag="020" ind1=" " ind2=" ">
    <subfield code="a">156881142X (v. 2 : alk. paper)</subfield>
  </datafield>
  <datafield tag="020" ind1=" " ind2=" ">
    <subfield code="a">1568811438 (v. 3 : alk. paper)</subfield>
  </datafield>
  <datafield tag="020" ind1=" " ind2=" ">
    <subfield code="a">1568811446 (v. 4 : alk. paper)</subfield>
  </datafield>
  <datafield tag="040" ind1=" " ind2=" ">
    <subfield code="a">DLC</subfield>
    <subfield code="c">DLC</subfield>
    <subfield code="d">DLC</subfield>
  </datafield>
  <datafield tag="050" ind1="0" ind2="0">
    <subfield code="a">QA95</subfield>
    <subfield code="b">.B446 2001</subfield>
  </datafield>
  <datafield tag="082" ind1="0" ind2="0">
    <subfield code="a">793.74</subfield>
    <subfield code="b">BER/W</subfield>
  </datafield>
  <datafield tag="100" ind1="1" ind2=" ">
    <subfield code="a">Berlekamp, Elwyn R.</subfield>
    <subfield code="9">9636</subfield>
  </datafield>
  <datafield tag="245" ind1="1" ind2="0">
    <subfield code="a">Winning ways for your mathematical plays /</subfield>
    <subfield code="c">Elwyn R. Berlekamp, John H. Conway, Richard K. Guy.</subfield>
  </datafield>
  <datafield tag="250" ind1=" " ind2=" ">
    <subfield code="a">2nd ed.</subfield>
  </datafield>
  <datafield tag="260" ind1=" " ind2=" ">
    <subfield code="a">Natick, Mass. :</subfield>
    <subfield code="b">A.K. Peters,</subfield>
    <subfield code="c">c2001-c2004.</subfield>
  </datafield>
  <datafield tag="300" ind1=" " ind2=" ">
    <subfield code="a">4 v. (xix, 1004 p.) :</subfield>
    <subfield code="b">ill. (some col.) ;</subfield>
    <subfield code="c">24 cm.</subfield>
  </datafield>
  <datafield tag="500" ind1=" " ind2=" ">
    <subfield code="a">Vol. 4 published in Wellesley, Mass.</subfield>
  </datafield>
  <datafield tag="504" ind1=" " ind2=" ">
    <subfield code="a">Includes bibliographical references and indexes.</subfield>
  </datafield>
  <datafield tag="650" ind1=" " ind2="0">
    <subfield code="a">Mathematical recreations.</subfield>
  </datafield>
  <datafield tag="700" ind1="1" ind2=" ">
    <subfield code="a">Conway, John Horton.</subfield>
  </datafield>
  <datafield tag="700" ind1="1" ind2=" ">
    <subfield code="a">Guy, Richard K.</subfield>
  </datafield>
  <datafield tag="906" ind1=" " ind2=" ">
    <subfield code="a">7</subfield>
    <subfield code="b">cbc</subfield>
    <subfield code="c">orignew</subfield>
    <subfield code="d">1</subfield>
    <subfield code="e">ocip</subfield>
    <subfield code="f">20</subfield>
    <subfield code="g">y-gencatlg</subfield>
  </datafield>
  <datafield tag="942" ind1=" " ind2=" ">
    <subfield code="2">ddc</subfield>
    <subfield code="c">BK</subfield>
    <subfield code="h">793.74</subfield>
    <subfield code="i">BER/W</subfield>
    <subfield code="k">793.74</subfield>
    <subfield code="m">BER/W</subfield>
  </datafield>
  <datafield tag="952" ind1=" " ind2=" ">
    <subfield code="0">0</subfield>
    <subfield code="1">0</subfield>
    <subfield code="2">ddc</subfield>
    <subfield code="4">0</subfield>
    <subfield code="7">0</subfield>
    <subfield code="8">MATHEMATICS</subfield>
    <subfield code="a">MES</subfield>
    <subfield code="b">MES</subfield>
    <subfield code="c">MAT</subfield>
    <subfield code="d">2023-09-29</subfield>
    <subfield code="l">0</subfield>
    <subfield code="o">793.74 BER/W</subfield>
    <subfield code="p">42681</subfield>
    <subfield code="r">2023-09-29 13:11:13</subfield>
    <subfield code="t">Vol. 3</subfield>
    <subfield code="v">1895.00</subfield>
    <subfield code="w">2023-09-29</subfield>
    <subfield code="y">BK</subfield>
    <subfield code="z">GL10R6</subfield>
  </datafield>
  <datafield tag="952" ind1=" " ind2=" ">
    <subfield code="0">0</subfield>
    <subfield code="1">0</subfield>
    <subfield code="2">ddc</subfield>
    <subfield code="4">0</subfield>
    <subfield code="7">0</subfield>
    <subfield code="8">MATHEMATICS</subfield>
    <subfield code="a">MES</subfield>
    <subfield code="b">MES</subfield>
    <subfield code="c">MAT</subfield>
    <subfield code="d">2023-09-29</subfield>
    <subfield code="l">0</subfield>
    <subfield code="o">793.74 BER/W</subfield>
    <subfield code="p">42680</subfield>
    <subfield code="r">2023-09-29 13:12:43</subfield>
    <subfield code="t">Vol. 2</subfield>
    <subfield code="v">1595.00</subfield>
    <subfield code="w">2023-09-29</subfield>
    <subfield code="y">BK</subfield>
    <subfield code="z">GL10R6</subfield>
  </datafield>
  <datafield tag="952" ind1=" " ind2=" ">
    <subfield code="0">0</subfield>
    <subfield code="1">0</subfield>
    <subfield code="2">ddc</subfield>
    <subfield code="4">0</subfield>
    <subfield code="7">0</subfield>
    <subfield code="8">MATHEMATICS</subfield>
    <subfield code="a">MES</subfield>
    <subfield code="b">MES</subfield>
    <subfield code="c">MAT</subfield>
    <subfield code="d">2023-09-29</subfield>
    <subfield code="l">0</subfield>
    <subfield code="o">793.74 BER/W</subfield>
    <subfield code="p">42679</subfield>
    <subfield code="r">2023-09-29 13:12:43</subfield>
    <subfield code="t">Vol. 1</subfield>
    <subfield code="v">1795.00</subfield>
    <subfield code="w">2023-09-29</subfield>
    <subfield code="y">BK</subfield>
    <subfield code="z">GL10R6</subfield>
  </datafield>
  <datafield tag="952" ind1=" " ind2=" ">
    <subfield code="0">0</subfield>
    <subfield code="1">0</subfield>
    <subfield code="2">ddc</subfield>
    <subfield code="4">0</subfield>
    <subfield code="7">0</subfield>
    <subfield code="8">MATHEMATICS</subfield>
    <subfield code="a">MES</subfield>
    <subfield code="b">MES</subfield>
    <subfield code="c">MAT</subfield>
    <subfield code="d">2023-09-29</subfield>
    <subfield code="l">0</subfield>
    <subfield code="o">793.74 BER/W</subfield>
    <subfield code="p">42678</subfield>
    <subfield code="r">2023-09-29 13:12:43</subfield>
    <subfield code="t">Vol. 4</subfield>
    <subfield code="v">1595.00</subfield>
    <subfield code="w">2023-09-29</subfield>
    <subfield code="y">BK</subfield>
    <subfield code="z">GL10R6</subfield>
  </datafield>
  <datafield tag="999" ind1=" " ind2=" ">
    <subfield code="c">42387</subfield>
    <subfield code="d">42387</subfield>
  </datafield>
</record>
